| 000 | 03330cam a22004094a 4500 | ||
|---|---|---|---|
| 999 |
_c128701 _d128701 |
||
| 001 | 16631857 | ||
| 003 | ARRUPE | ||
| 005 | 20181204101231.0 | ||
| 008 | 110131s2011 nyu b 001 0 eng | ||
| 010 | _a 2011003648 | ||
| 016 | 7 |
_a015851212 _2Uk |
|
| 020 | _a9780521760867 (hardback) | ||
| 020 | _a0521760860 (hardback) | ||
| 020 | _a9780521149808 (paperback) | ||
| 020 | _a0521149800 (paperback) | ||
| 035 | _a(OCoLC)ocn700205678 | ||
| 040 |
_aDLC _cDLC _dYDX _dYDXCP _dUKMGB _dOKN _dBWX _dDLC |
||
| 042 | _apcc | ||
| 050 | 0 | 0 |
_aHT1521 _b.B634 2011 |
| 082 | 0 | 0 |
_a305.8 _222 |
| 084 |
_aPHI005000 _2bisacsh |
||
| 100 | 1 |
_aBoonin, David. _943757 |
|
| 245 | 1 | 0 |
_aShould race matter? : _bunusual answers to the usual questions / _cDavid Boonin. |
| 260 |
_aNew York : _bCambridge University Press, _c2011. |
||
| 300 |
_ax, 411 p. ; _c24 cm. |
||
| 500 | _aMachine generated contents note: 1. Thinking in black and white; 2. Repairing the slave reparations debate; 3. Advancing the slave reparations debate; 4. One cheer for affirmative action; 5. Two cheers for affirmative action; 6. Why I used to hate hate speech restrictions; 7. Why I still hate hate speech restrictions; 8. How to stop worrying and learn to love hate crime laws; 9. How to keep on loving hate crime laws; 10. Is racial profiling irrational?; 11. Is racial profiling immoral?. | ||
| 504 | _aIncludes bibliographical references and index. | ||
| 505 | 8 | _aMachine generated contents note: 1. Thinking in black and white; 2. Repairing the slave reparations debate; 3. Advancing the slave reparations debate; 4. One cheer for affirmative action; 5. Two cheers for affirmative action; 6. Why I used to hate hate speech restrictions; 7. Why I still hate hate speech restrictions; 8. How to stop worrying and learn to love hate crime laws; 9. How to keep on loving hate crime laws; 10. Is racial profiling irrational?; 11. Is racial profiling immoral?. | |
| 520 | _a"In this book, philosopher David Boonin attempts to answer the moral questions raised by five important and widely contested racial practices: slave reparations, affirmative action, hate speech restrictions, hate crime laws, and racial profiling. Arguing from premises that virtually everyone on both sides of the debates over these issues already accepts, Boonin arrives at an unusual and unorthodox set of conclusions, one that is neither liberal nor conservative, color conscious nor color blind. Defended with the rigor that has characterized his previous work but written in a more widely accessible style, this provocative and important new book is sure to spark controversy and should be of interest to philosophers, legal theorists, and anyone interested in trying to resolve the debate over these important and divisive issues"-- | ||
| 650 | 0 |
_aRace relations. _93381 |
|
| 650 | 0 |
_aSlavery. _924047 |
|
| 650 | 0 |
_aReparations for historical injustices. _943758 |
|
| 650 | 0 |
_aAffirmative action programs. _943759 |
|
| 650 | 0 |
_aHate crimes. _943760 |
|
| 906 |
_a7 _bcbc _corignew _d1 _eecip _f20 _gy-gencatlg |
||
| 942 |
_2lcc _cMONOGRAPH |
||